<?xml version="1.0" encoding="UTF-8"?>
<record
    xmlns:xsi="http://www.w3.org/2001/XMLSchema-instance"
    xsi:schemaLocation="http://www.loc.gov/MARC21/slim http://www.loc.gov/standards/marcxml/schema/MARC21slim.xsd"
    xmlns="http://www.loc.gov/MARC21/slim">

  <leader>01542nam0a22003131  4500</leader>
  <controlfield tag="001">v19\rc\1819574</controlfield>
  <controlfield tag="005">20260407114649.0</controlfield>
  <datafield tag="035" ind1=" " ind2=" ">
    <subfield code="a">(NLR Aleph) 004917786</subfield>
  </datafield>
  <datafield tag="090" ind1=" " ind2=" ">
    <subfield code="a">5545508</subfield>
    <subfield code="c">5545508</subfield>
  </datafield>
  <datafield tag="100" ind1=" " ind2=" ">
    <subfield code="a">20071224e19071907|||y0rusy50      ca</subfield>
  </datafield>
  <datafield tag="101" ind1="0" ind2=" ">
    <subfield code="a">rus</subfield>
  </datafield>
  <datafield tag="102" ind1=" " ind2=" ">
    <subfield code="a">RU</subfield>
  </datafield>
  <datafield tag="105" ind1=" " ind2=" ">
    <subfield code="a">y   z   |||||</subfield>
  </datafield>
  <datafield tag="200" ind1="1" ind2=" ">
    <subfield code="a">&#x41F;&#x43E;&#x441;&#x43B;&#x435;&#x434;&#x43D;&#x435;&#x435; &#x440;&#x430;&#x437;&#x44A;&#x44F;&#x441;&#x43D;&#x435;&#x43D;&#x438;&#x435; &#x41C;&#x438;&#x43D;&#x438;&#x441;&#x442;&#x435;&#x440;&#x441;&#x442;&#x432;&#x430; &#x444;&#x438;&#x43D;&#x430;&#x43D;&#x441;&#x43E;&#x432; &#x43E;&#x431; &#x43E;&#x43F;&#x43B;&#x430;&#x442;&#x435; &#x433;&#x435;&#x440;&#x431;&#x43E;&#x432;&#x44B;&#x43C; &#x441;&#x431;&#x43E;&#x440;&#x43E;&#x43C; &#x444;&#x430;&#x43A;&#x442;&#x443;&#x440;-&#x43D;&#x430;&#x43A;&#x43B;&#x430;&#x434;&#x43D;&#x44B;&#x445; &#x438; &#x43E;&#x431;&#x449;&#x438;&#x445; (&#x43A;&#x43E;&#x43B;&#x43B;&#x435;&#x43A;&#x442;&#x438;&#x432;&#x43D;&#x44B;&#x445;) &#x441;&#x447;&#x435;&#x442;&#x43E;&#x432;</subfield>
    <subfield code="f">&#x418;&#x437;&#x434;. [&#x438; &#x43F;&#x440;&#x435;&#x434;&#x438;&#x441;&#x43B;.] &#x41A;. &#x422;&#x438;&#x445;&#x43E;&#x442;&#x441;&#x43A;&#x43E;&#x433;&#x43E; (&#x43F;&#x43E;&#x43C;. &#x431;&#x443;&#x445;&#x433;. &#x413;&#x435;&#x440;&#x431;&#x43E;&#x432;. &#x43E;&#x442;&#x434;. &#x41C;&#x43E;&#x441;&#x43A;. &#x43A;&#x430;&#x437;&#x435;&#x43D;. &#x43F;&#x430;&#x43B;&#x430;&#x442;&#x44B;)</subfield>
  </datafield>
  <datafield tag="205" ind1=" " ind2=" ">
    <subfield code="a">&#x41D;&#x435;&#x43E;&#x444;&#x438;&#x446;. &#x438;&#x437;&#x434;.</subfield>
  </datafield>
  <datafield tag="210" ind1=" " ind2=" ">
    <subfield code="a">&#x41C;&#x43E;&#x441;&#x43A;&#x432;&#x430;</subfield>
    <subfield code="c">&#x442;&#x438;&#x43F;. &#x412;&#x438;&#x43B;&#x44C;&#x434;&#x435;</subfield>
    <subfield code="d">1907</subfield>
  </datafield>
  <datafield tag="215" ind1=" " ind2=" ">
    <subfield code="a">16 &#x441;.</subfield>
    <subfield code="d">19</subfield>
  </datafield>
  <datafield tag="311" ind1=" " ind2=" ">
    <subfield code="a">&#x418;&#x437; &#x436;&#x443;&#x440;&#x43D;. "&#x412;&#x435;&#x441;&#x442;&#x43D;. &#x444;&#x438;&#x43D;&#x430;&#x43D;&#x441;&#x43E;&#x432;, &#x43F;&#x440;&#x43E;&#x43C;-&#x441;&#x442;&#x438; &#x438; &#x442;&#x43E;&#x440;&#x433;." &#x43E;&#x442; 13 (26) &#x43C;&#x430;&#x44F; 1907 &#x433;., &#x2116; 19</subfield>
  </datafield>
  <datafield tag="488" ind1=" " ind2="0">
    <subfield code="1">2001#$a&#x412;&#x435;&#x441;&#x442;&#x43D;&#x438;&#x43A; &#x444;&#x438;&#x43D;&#x430;&#x43D;&#x441;&#x43E;&#x432;, &#x43F;&#x440;&#x43E;&#x43C;&#x44B;&#x448;&#x43B;&#x435;&#x43D;&#x43D;&#x43E;&#x441;&#x442;&#x438; &#x438; &#x442;&#x43E;&#x440;&#x433;&#x43E;&#x432;&#x43B;&#x438;$v1907, 13 (26) &#x43C;&#x430;&#x44F;, &#x2116; 19</subfield>
    <subfield code="t">&#x412;&#x435;&#x441;&#x442;&#x43D;&#x438;&#x43A; &#x444;&#x438;&#x43D;&#x430;&#x43D;&#x441;&#x43E;&#x432;, &#x43F;&#x440;&#x43E;&#x43C;&#x44B;&#x448;&#x43B;&#x435;&#x43D;&#x43D;&#x43E;&#x441;&#x442;&#x438; &#x438; &#x442;&#x43E;&#x440;&#x433;&#x43E;&#x432;&#x43B;&#x438;</subfield>
  </datafield>
  <datafield tag="702" ind1=" " ind2="1">
    <subfield code="a">&#x422;&#x438;&#x445;&#x43E;&#x442;&#x441;&#x43A;&#x438;&#x439;</subfield>
    <subfield code="b">&#x41A;.&#x418;.</subfield>
    <subfield code="g">&#x41A;&#x43E;&#x43D;&#x441;&#x442;&#x430;&#x43D;&#x442;&#x438;&#x43D; &#x418;&#x432;&#x430;&#x43D;&#x43E;&#x432;&#x438;&#x447;</subfield>
    <subfield code="4">650</subfield>
    <subfield code="4">080</subfield>
  </datafield>
  <datafield tag="710" ind1="0" ind2="1">
    <subfield code="a">&#x420;&#x43E;&#x441;&#x441;&#x438;&#x44F;</subfield>
    <subfield code="b">&#x41C;&#x438;&#x43D;&#x438;&#x441;&#x442;&#x435;&#x440;&#x441;&#x442;&#x432;&#x43E; &#x444;&#x438;&#x43D;&#x430;&#x43D;&#x441;&#x43E;&#x432;</subfield>
    <subfield code="3">RU\NLR\AUTH\889947360</subfield>
    <subfield code="9">390360</subfield>
  </datafield>
  <datafield tag="801" ind1=" " ind2="0">
    <subfield code="a">RU</subfield>
    <subfield code="b">NLR</subfield>
    <subfield code="g">psbo</subfield>
  </datafield>
  <datafield tag="801" ind1=" " ind2="0">
    <subfield code="a">RU</subfield>
    <subfield code="b">RuMoRGB</subfield>
    <subfield code="2">psbo</subfield>
  </datafield>
  <datafield tag="801" ind1=" " ind2="1">
    <subfield code="a">RU</subfield>
    <subfield code="b">ProSoft-M</subfield>
    <subfield code="2">rusmarc</subfield>
  </datafield>
  <datafield tag="852" ind1=" " ind2=" ">
    <subfield code="a">NLR</subfield>
    <subfield code="j">34.84.7.1760</subfield>
  </datafield>
  <datafield tag="899" ind1=" " ind2=" ">
    <subfield code="a">RuMoRGB</subfield>
    <subfield code="j">U 6/2240</subfield>
  </datafield>
  <datafield tag="899" ind1=" " ind2=" ">
    <subfield code="a">&#x411;&#x410;&#x41D;</subfield>
  </datafield>
  <datafield tag="942" ind1=" " ind2=" ">
    <subfield code="c">BOOK</subfield>
  </datafield>
  <datafield tag="980" ind1=" " ind2=" ">
    <subfield code="a">NB</subfield>
  </datafield>
  <datafield tag="995" ind1=" " ind2=" ">
    <subfield code="5">2013-10-26</subfield>
    <subfield code="b">NLR02</subfield>
    <subfield code="c">NLR02</subfield>
    <subfield code="e">RFS</subfield>
    <subfield code="f">4917786-10</subfield>
    <subfield code="k">34.84.7.1760</subfield>
    <subfield code="o">0</subfield>
    <subfield code="r">BOOK</subfield>
    <subfield code="s">348471760_</subfield>
  </datafield>
  <datafield tag="995" ind1=" " ind2=" ">
    <subfield code="5">2013-10-26</subfield>
    <subfield code="b">NLR01</subfield>
    <subfield code="c">NLR01</subfield>
    <subfield code="e">TEMP</subfield>
    <subfield code="f">4917786-30</subfield>
    <subfield code="o">0</subfield>
    <subfield code="r">BOOK</subfield>
  </datafield>
</record>
